| 000 | 00622nam a22001577a 4500 | ||
|---|---|---|---|
| 003 | OSt | ||
| 005 | 20151003142719.0 | ||
| 008 | 151003b xxu||||| |||| 00| 0 eng d | ||
| 040 | _cRUA | ||
| 082 | _aAVM NHE 1996 B070 Or.1 | ||
| 100 |
_91902 _aNHEM, CHANRAKSMEY. |
||
| 245 | _aPork production at station royal university of agriculture. ការចិញ្ចឹមជ្រូកនៅស្ថានីយ៍ចិញ្ចឹមសត្វ នៃសាកលវិទ្យាល័យភូមិន្ធកសិកម្ម. | ||
| 260 |
_aphnom phen _bRUA _c1996 |
||
| 300 |
_a68p. _bill. _c29cm. |
||
| 942 |
_2ddc _cAVM |
||
| 999 |
_c1796 _d1796 |
||